History of Brazil - Statistics

General Stats
  • This quiz has been taken 66 times
  • The average score is 11 of 20
Answer Stats
Year Hint Answer % Correct
- Year that it was discovered 1500
83%
- Name of the person that discovered it Pedro Álvares Cabral
83%
1960 This planned city is inaugurated Brasilia
78%
1694 This yellow metal is discovered in Minas Gerais Gold
76%
2011 This woman is the first to become president in the country Dilma Rousseff
74%
2018 This controversial figure is elected president Jair Bolsonaro
72%
1994 The currency changes to this Real
67%
1932 This group of people earn the right to vote Women
67%
- Dom Pedro proclaims Brazil's independence this year 1822
59%
1942 This country torpedo Brazilian ships, making Brazil declare war on it Germany
59%
1888 Brazil is the last country in Latin America to abolish this Slavery
59%
1958 Brazil wins for the first time this international competition World Cup
59%
1624 This country invades the state of Bahia Netherlands
52%
1908 The first immigrants from this country arrive in Brazil Japan
43%
1874 People from this country begin immigrating to Brazil Italy
41%
1807 Portugal's Royal Family goes to Brazil to escape... Napoleon Bonaparte
41%
1964 The government suffers a coup and this regime starts Military Dictatorship
22%
1828 This war between Brazil and Argentina comes to an end Cisplatine War
11%
1534 The king of Portugal announces this system... Hereditary Captaincies
9%
1865 This war starts Paraguyan War
2%
No matching quizzes found
Score Distribution
Percent of People with Each Score
Percentile by Number Answered
Your Score History
You have not taken this quiz